| 000 | 00444nam a2200145 a 4500 | ||
|---|---|---|---|
| 001 | 000031664 | ||
| 005 | 20200930063104.0 | ||
| 008 | 110629s20uu dr 000 0 spa d | ||
| 040 |
_aDO-SdBNP _bspa _bNPHU |
||
| 100 | 1 |
_aLizardo Lasoce, Luis _957958 |
|
| 245 | 1 | 0 |
_aVoy soñando amor cuando llevo mis ilusiones / _cLizardo Lasoce, Luis. |
| 260 |
_a[Moca, República Dominicana] : _b[s.n.], _c[198u]. |
||
| 300 |
_a27 p. ; _c21 cm. |
||
| 049 | _aBNPD | ||
| 999 |
_c31156 _d31156 |
||